Brawl Stars Zadymiarze (05.2024) - Statystyki

Ogólne statystyki
  • Ten quiz został rozwiązany 10 481 razy
    7 110 od ostatniego zresetowania
  • Średni wynik to 38 z 79
Statystyki odpowiedzi
Hint Odpowiedź % Poprawnych
Zadymiarz Początkowy Shelly
95%
Rzadki Colt
85%
Rzadki Nita
82%
Legendarny Leon
80%
Rzadki Bull
79%
Rzadki Rosa
76%
Rzadki El Primo
75%
Legendarny Kruk
75%
Legendarny Spike
75%
Rzadki Barley
72%
Rzadki Brock
71%
Rzadki Poco
71%
Mityczny Mortis
66%
Bardzo Rzadki Dynamike
64%
Bardzo Rzadki Jessie
64%
Legendarny Kit
63%
Epicki Bo
62%
Epicki Edgar
61%
Legendarny Sandy
61%
Legendarny Amber
60%
Legendarny Meg
59%
Epicki Piper
59%
Bardzo Rzadki Rico
59%
Legendarny Surge
59%
Bardzo Rzadki Darryl
58%
Epicki Frank
56%
Bardzo Rzadki Penny
56%
Bardzo Rzadki 8-Bit
55%
Bardzo Rzadki Tick
55%
Mityczny Tara
54%
Epicki Bibi
53%
Epicki Emz
53%
Bardzo Rzadki Jacky
52%
Bardzo Rzadki Gus
51%
Epicki Pam
51%
Legendarny Chester
50%
Bardzo Rzadki Carl
49%
Legendarny Cordelius
49%
Mityczny Kieł
47%
Mityczny Gene
45%
Epicki Bea
44%
Epicki Mandy
44%
Epicki Stu
42%
Mityczny Buzz
40%
Epicki Gale
40%
Mityczny Lily
40%
Mityczny Max
39%
Mityczny Melodie
39%
Mityczny Mico
39%
Epicki Angelo
38%
Epicki Hank
38%
Epicki Colette
37%
Epicki Nani
37%
Mityczny Kiełek
37%
Epicki Sam
36%
Mityczny Pan P
35%
Epicki Belle
34%
Epicki Bonnie
34%
Epicki Lola
33%
Mityczny Byron
32%
Epicki Griff
32%
Epicki Grom
32%
Mityczny Lou
32%
Epicki Ash
30%
Mityczny Janet
30%
Epicki Maisie
30%
Mityczny Charlie
29%
Epicki Pearl
29%
Epicki Larry & Lawrie
28%
Mityczny Ruffs
28%
Mityczny Willow
28%
Mityczny Buster
27%
Mityczny Chuck
27%
Mityczny Otis
27%
Mityczny R-T
26%
Mityczny Eve
25%
Mityczny Gray
25%
Mityczny Squeak
25%
Mityczny Doug
23%
Nie znaleziono quizów pasujących do podanych kryteriów
Rozkład punktacji
Procent ludzi z każdym wynikiem
Percentyl według liczby udzielonych odpowiedzi
Twoja historia wyników
Nie rozwiązałeś tego quizu od ostatniego zresetowania